00506nam a22001577a 4500003000400000082001900004100001700023245003600040260004500076300000700121650004100128653004100169942001200210952010900222999001700331SGT a617.6342bC23L aLalit Kumar  aCrack tooth and its management  aGurugram, HaryanabSGT University c2023 a58 aConservative Dentistry & Endodontics aConservative Dentistry & Endodontics 2ddccTH 00102ddc4071aFDbFDd2024-01-16iSGTUl0o617.6342 C23LpDT1771r2024-01-16 00:00:00w2024-01-16yTH c25620d25620